| 000 | 00765nam a2200181Ia 4500 | ||
|---|---|---|---|
| 008 | 090124s9999 xx 000 0 und d | ||
| 082 | _b130021 | ||
| 100 | _aदेशपांडे ग.त्र्यं. (गणेश त्र्यंबक) | ||
| 245 | _a भारतीय साहित्यशास्त्र | ||
| 250 | _a3 | ||
| 260 | _c1980 | ||
| 300 | _a418 | ||
| 600 | _aदेशपांडे ग.त्र्यं. (गणेश त्र्यंबक) | ||
| 630 | _a भारतीय साहित्यशास्त्र | ||
| 700 | _aदेशपांडे ग.त्र्यं. (गणेश त्र्यंबक) | ||
| 730 | _a भारतीय साहित्यशास्त्र | ||
| 942 | _cBOOK | ||
| 999 |
_c176110 _d176110 |
||